02099nam a2200313 i 4500003001000000005001700010007000300027008004100030020001800071040003500089041000800124082002000132100004400152245008300196250005800279250002700337264006700364300002500431336002900456337003300485338002800518500004200546504002700588520101700615521004101632650005101673650003101724650003001755CO-BoRNBP20250226110749.0ta231206s2023 ck a|||er 001 1bspa d a9786287634299 aCO-BoRNBPbspaerdacCO-BoRNBP0 aspa04a364.1523 bC78m1 aCruz Niño, Esteban, d1979- , eautor14aLos monstruos en Colombia si existen basesinos en serie/cEsteban Cruz Niño aEdición especial para el Ministerio de las Culturas aEdición actualizada  1aBogotá, ColombiabPenguin Random House Grupo Editorialc2023 a300 páginasc23 cm atextobtxt2rdacontenido asin mediaciónbn2rdamedio avolumenbnc2rdasoporte aIncluye datos biográficos del autor aIncluye bibliografía3 aLos temibles asesinos en serie retratados en este libro tienen varias características en común. Todos tienen personalidades rebeldes y estrambóticas, y fueron hombres formados en las entrañas de la infinita violencia colombiana: hijos despreciados, maltratados y ultrajados. En este increíble mosaico de monstruos de la vida real, el lector podrá abordar una construcción periodística de mentes diabólicas que, durante años, derramaron por terrenos baldíos, pueblos y ciudades colombianas y de países vecinos la sangre de centenares de víctimas inocentes, la mayoría compuesta por inofensivos niños, niñas y adolescentes, algunos de ellos aún desaparecidos. Diez años después de la primera edición de este libro. Esteban Cruz nos demuestra que la maldad sigue vigente en nuestro país, revelándonos dos nuevos casos: el de Freddy Valencia, "el Monstruo de Monserrate". y el de Johany Alexander Acuña Hernández, "el Loco de la Piedra". (Tomado a partes del libro). aRecomendado para un público adulto17aAsesinos en serie xHistoriazColombia2ARMARC17aConducta criminal 2ARMARC17aDelitos sexuales 2ARMARC